El liberalismo sitiado /

Gardado en:
Detalles Bibliográficos
Autor Principal: Keane, John
Formato: Texto
Etiquetas: Engadir etiqueta
Sen Etiquetas, Sexa o primeiro en etiquetar este rexistro!

MARC

LEADER 00000 a a2200000 04500
001 46987
003
040
100 |a Keane, John  
245 |a El liberalismo sitiado /  |c John Keane  
773 |g número56, (1992), 93 páginas  
999 |c 22363  |d 22363